01486nam a2200229 a 450000500170000000800410001702000150005804100080007309200170008110000330009824500470013125000120017826000450019030000110023550000920024650506020033859000680094065500210100894200120102999900150104195202000105620240930113511.0 t1998||||ag g |||| 001 0 spa d a9875070882 aspa c920l16sDIA1 aDíaz Araujo, Enrique93484 aJosé Ingenieros /cEnrique Díaz Araujo a1a ed.  aBuenos Aires: bCiudad Argentina;c1998. a548 p. aDíaz Araujo, E. (1998). José Ingenieros. (1a ed.). Buenos Aires : Ciudad Argentina. aEste libro trata de la vida y la obra de un hombre con inquietud cognoscitiva, de talento perspicaz y amplios estudios. De un hombre bien dotado que sirvió a causas, en nuestro entender, esencialmente equivocadas. Nos referimos a José Ingenieros y su circunstancia finisecular. "Yo no quiero ser imparcial ante lectores que no lo son", subrayó Ingenieros en el prólogo a su La evolución de las ideas argentinas. Esa norma cardinal presidió la militancia inflexible de todos su escritos. Nunca buscó, deliberadamente, la conciliación de las actitudes o el justo medio de las ideas.  aProyecto 4to libro. Donación Maria Vitarelli, Diciembre 2017. aLiteratura92917 2ddccBK c3187d3187 00102ddc4070aBFMbBFMcCRd2024-04-19eDonación Vitarelli, Diciembre 2017l0o920 16 DIAp4143r2024-04-19tEj. 1w2024-04-19yBKzProyecto 4to libro. Donación Vitarelli, Diciembre 2017f